Europe Map Click Quiz in Esperanto - Statistics

General Stats
  • This quiz has been taken 45 times
  • The average score is 42 of 45
Answers on the Map
Answers color-coded by a green-red scale on the quiz's map according to % correct below.
 
Answer Stats
Answer % Correct
Francio
100%
Irlando
100%
Albanio
97%
Aŭstrio
97%
Belgio
97%
Belorusio
97%
Ĉeĥio
97%
Danio
97%
Finnlando
97%
Germanujo
97%
Grekio
97%
Islando
97%
Italio
97%
Luksemburgio
97%
Moldavio
97%
Nederlando
97%
Norvegio
97%
Pollando
97%
Portugalio
97%
Rusio
97%
Svislando
97%
Ukrainio
97%
Unuiĝinta Reĝlando
97%
Bulgario
94%
Estonio
94%
Hispanio
94%
Rumanio
94%
Serbio
94%
Svedio
94%
Bosnio kaj Hercegovino
91%
Kosovo
91%
Latvio
91%
Liĥtenŝtejno
91%
Malto
91%
Monako
91%
Norda Makedonio
91%
Slovakio
91%
Andoro
89%
Hungario
89%
Kroatio
89%
Montenegro
89%
San Marino
89%
Slovenio
89%
Vatikanurbo
89%
Litovio
83%
No matching quizzes found
Score Distribution
Percent of People with Each Score
Percentile by Number Answered
Your Score History
You have not taken this quiz